Zachráňte slona!

Bibliographic Details
Main Author: St. Pierr, Stephanie (Author)
Other Authors: Peisertová, Alena, 1952- (Translator)
Format: Book
Language:Czech
PhysicalDescription:47 s., 1,24 AH 19 cm
Published: Bratislava Ikar 1992
ISBN:8071180513
Edition:1. vyd.
Series:Dobrodružství s Barbie

MARC

LEADER 00000nam a2200000 a 4500
001 vtls001069350
003 SK-MaSNL
005 20260301193443.0
008 250414s1992 CS 0 cze
015 |a SNBA1992/10 
020 |a 8071180513  |q (zv. 3.) 
035 |a SNK000012180 
040 |a SNK  |b slo  |c SNK  |e AACR2 
041 0 |a cze 
044 |a [CS] 
080 |a 820 (73)-3(087.5)=850  |2 1981 
100 1 |a St. Pierr, Stephanie  |4 aut  |9 277329 
245 1 0 |a Zachráňte slona!  |c Stephanie St. Pierr ; Alena Peisertová, Viera Fabianová 
250 |a 1. vyd. 
260 |a Bratislava  |b Ikar  |c 1992  |e Bratislava  |f Svornosť 
300 |a 47 s., 1,24 AH  |c 19 cm 
366 |e 19 Kčs. 
490 0 |a Dobrodružství s Barbie 
500 |a Sv. 3. ISBN 80-7118-043-2 (súbor). 
700 1 |a Fabianová, Viera  |4 bkd  |9 244479 
700 1 |a Peisertová, Alena,  |d 1952-  |4 trl  |9 46228 
852 |a Slovenská národná knižnica 
919 |a 80-7118-051-3 (zv. 3.) 
954 |a prózy príbehové 
958 |a BQ 
958 |a CZ 
958 |a LX 
958 |a TL 
958 |a UP 
999 |c 877367  |d 879297 
952 |t P60, <05>, [BOOK], {605}  |a SNK  |b SNK  |y PREZ  |7 0  |p 17A0358885  |o snkSD 64534 D1  |i snkKSP 7602/92  |0 0  |1 0  |4 0  |d 2002-10-12  |l 0  |r 2004-12-31 00:00:00  |w 2026-02-24 
952 |a SNK  |b SNK  |y PREZ  |7 0  |p 17A1045200  |o snkSD 64534   |0 0  |1 0  |4 0  |d 2013-08-20  |l 0  |r 2026-02-24 06:03:36  |w 2026-02-24